000 00742nam a2200241 a 4500
001 BRCA_5582
005 20190320205135.0
008 210211s1919----sp-a######---#000-0#spa-#
041 _aspa
044 _asp
050 4 _aND813.L6
_b.J67 1919
245 1 0 _aJosé María López Mezquita
_cJosé Frances.Prólogo de José Francés,
260 _aMadrid
_bTipografía Artística Cervantes
_c1919
300 _a25 p.
_bil., 30 láminas
_c21 cm.
500 _aIncluye índice de cuadros
500 _aEstado físico: camisa muy maltratada
500 _aF57
600 1 4 _aLópez Mezquita, José María
_d1883-1954
_913706
650 1 4 _aPintores españoles
_97620
700 1 _aFrances, José
_eprol.
_914237
902 _aGFM
942 _2lcc
_cB
999 _c5276
_d5276